Las aves y sus secretos / (Registro nro. 11950)

Detalles MARC
000 -LIDER
fixed length control field 00679nam a2200229 4500
003 - IDENTIFICACDOR DE NÚMERO DE CONTROL
control field DO-SdBNP
005 - DATE AND TIME OF LATEST TRANSACTION
control field 20171123160210.0
008 - ELEMENTOS DE LONGITUD FIJA
fixed length control field 161115b 1978 sp a || 00| 0 spa d
020 ## - ISBN
International Standard Book Number 8424311574
040 ## - FUENTE DE CATALOGACIÓN
Agencia que crea de manera original el registro BPMSU
Idioma de catalogación spa
Agencia que realiza la transcripción BPMSU
082 ## - NÚMERO DE CLASIFICACIÓN DECIMAL DE DEWEY
Classification number xxxxx
Item number xxxxx
100 ## - ASIENTO PRINCIPAL -- NOMBRE PERSONAL
Nombre personal Grange, Francois de la
245 ## - MENCIÓN DE TITULO
Título Las aves y sus secretos /
Mención de responsabilidad Francois de la Grange, Antoine Reille ; ilustración Henri Mercier
260 ## - PUBLICACIÓN, DISTRIBUCIÓN, ETC. (PIE DE IMPRENTA)
Lugar de publicación, distribución, etc Bilboa :
Nombre del editor, distribuidor, etc. Fher,
Fecha de publicación, distribución, etc 1976.
300 ## - DESCRIPCIÓN FÍSICA
Extensión 79 p. :
Otros detalles físicos il. ;
Dimensiones 27 cm.
700 1# - ASIENTO SECUNDARIO -- NOMBRE PERSONAL
Nombre personal Antoine Reille
700 1# - ASIENTO SECUNDARIO -- NOMBRE PERSONAL
Nombre personal Mercier, Henri,
Mención de responsabilidad il.
700 ## - ASIENTO SECUNDARIO -- NOMBRE PERSONAL
Nombre personal Ilustrador Henri Mercier
942 ## - ADDED ENTRY ELEMENTS (KOHA)
Source of classification or shelving scheme Dewey Decimal Classification
Koha item type Libros
945 ## - INFORMACIÓN DE PROCESAMIENTO LOCAL
Información de procesamiento local Inventario extranjero / 2017 DG
956 ## - LOCAL ELECTRONIC LOCATION AND ACCESS (OCLC)
Nombre de host DGARCIA
Número de acceso 10
Existencias
Withdrawn status Lost status Source of classification or shelving scheme Damaged status Not for loan Collection code Home library Current library Date acquired Source of acquisition Total Checkouts Full call number Barcode Date last seen Price effective from Koha item type
    Dewey Decimal Classification     Colección Juvenil General Biblioteca Pública Metropolitana Salomé Ureña Biblioteca Pública Metropolitana Salomé Ureña 11/15/2016 Donado   xxxxx xxxxx BPMSU6111311 11/15/2016 11/15/2016 Libros